| 000 | 02699cam a2200313 i 4500 | ||
|---|---|---|---|
| 001 | 18190363 | ||
| 003 | EG-ScBUE | ||
| 005 | 20230527100101.0 | ||
| 008 | 140617s2015 nyua f 001 0 eng d | ||
| 020 | _a9780415725095 | ||
| 040 |
_aDLC _beng _erda _cDLC _dDLC _dEG-ScBUE |
||
| 082 | 0 | 4 |
_222 _a720.284 _bWEL |
| 100 | 1 |
_aWelton, J. Michael, _eauthor. _940121 |
|
| 245 | 1 | 0 |
_aDrawing from practice : _barchitects and the meaning of freehand / _cJ. Michael Welton. |
| 264 | 1 |
_aNew York ; _aOxon : _bRoutledge / Taylor & Francis Group, _c2015. |
|
| 300 |
_axiv, 221 pages : _billustrations ; _c26 cm |
||
| 336 |
_2rdacontent _atext _btxt |
||
| 337 |
_2rdamedia _aunmediated _bn |
||
| 338 |
_2rdacarrier _avolume _bnc |
||
| 500 | _aIncludes index. | ||
| 520 | _a"Drawing from Practice explores and illuminates the ways that 26 diverse and reputable architects use freehand drawing to shape our built environment. Author J. Michael Welton traces the tactile sketch, from initial parti to finished product, through words, images, and photographs that reveal the creative process in action. The book features drawings and architecture from every generation practicing today, including Aidlin Darling Design, Alberto Alfonso, Deborah Berke, Marlon Blackwell, Peter Bohlin, Warren Byrd, Ellen Cassilly, Jim Cutler, Chad Everhart, Formwork, Phil Freelon, Michael Graves, Frank Harmon, Eric Howeler and Meejin Yoon, Leon Krier, Tom Kundig, Daniel Libeskind, Brian McKay Lyons, Richard Meier, Bill Pedersen, Suchi Reddy, Witold Rybczynski, in situ studio, Laurinda Spear, Stanley Tigerman, and Tod Williams Billie Tsien Architects"-- | ||
| 520 | _a"Drawing from Practice explores and illuminates the ways that 26 diverse and reputable architects use freehand drawing to shape our built environment. Author J. Michael Welton traces the tactile sketch, from initial parti to finished product, through words, images, and photographs that reveal the creative process in action. The book features drawings and architecture from every generation practicing today, including Aidlin Darling Design, Alberto Alfonso, Deborah Berke, Marlon Blackwell, Peter Bohlin, Warren Byrd, Ellen Cassilly, Jim Cutler, Chad Everhart, Formwork, Phil Freelon, Michael Graves, Frank Harmon, Eric Howeler and Meejin Yoon, Leon Krier, Tom Kundig, Daniel Libeskind, Brian McKay Lyons, Richard Meier, Bill Pedersen, Suchi Reddy, Witold Rybczynski, Laurinda Spear, Stanley Tigerman, and Tod Williams Billie Tsien Architects"-- | ||
| 650 | 7 |
_aArchitectural drawing. _2BUEsh _937763 |
|
| 650 | 7 |
_aDrawing _xPsychological aspects. _2BUEsh _940122 |
|
| 651 | _2BUEsh | ||
| 653 |
_bENGARC _cMay2016 |
||
| 655 | _vReading book | ||
| 942 |
_2ddc _cBB |
||
| 999 |
_c21846 _d21818 |
||